000 01309nji a22003017a 4500
005 20100922122030.0
006 a|||||r|||||00| 0
007 sd ammalaaahaa
008 100830t xxu||||| |||| 00| 0 eng d
028 _aECLP.5553
_bEMI
035 _aGR-07831
040 _aSED
_cSED
100 _917455
_aSayani, Ameen
245 _aBinaca geet mala- vol.1 (1953-1964) /
_cby Ameen Sayani; sung by Mohammad Rafi...[et.al]; music by Naushad; lyrics by Shakeel Badayuni
_h[sound recording] :
246 _aबिनाका गीत माला- vol.1 / अमीन सायानी द्वारा
260 _aDum Dum, India
_bEMI
_cn.d.
300 _a1 sound disc [Gramophone Recording]:
_banalog, 33 1/3 rpm
_c12.5 in. (LP)
_fGramophone Record
500 _aBrief Record
500 _aRecord labels : EMI, Red
505 _aSide-1 (Too ganga ki mauj,1953) (Baiju Bawra) (Mohammad Rafi) Side-2 (Hal kaisa hai janabka,1959) (Chalti ka nam gadi) (Asha Bhosle [and] Kishore Kumar)
600 _aSayani, Ameen
_920359
650 _aHindi Film Songs
_zIndia
_91186
_xExcerpts
700 _aMohammad Rafi
_921100
700 _aNaushad
_921119
700 _aBadayuni, Shakeel
_921120
942 _2ddc
_cGR
999 _c47452
_d47452